Computer assisted real estate appraisal: a tool for the practising appraiser. (Record no. 61005)

MARC details
000 -LEADER
fixed length control field 00868cam a2200205 4500
001 - CONTROL NUMBER
control field ABS61281
008 - FIXED-LENGTH DATA ELEMENTS--GENERAL INFORMATION
fixed length control field 000000n1999 000 0 eng u
035 ## - SYSTEM CONTROL NUMBER
System control number (Sirsi) u101907
100 ## - MAIN ENTRY--PERSONAL NAME
Personal name Detweiler, J.
245 ## - TITLE STATEMENT
Title Computer assisted real estate appraisal: a tool for the practising appraiser.
260 ## - PUBLICATION, DISTRIBUTION, ETC.
Date of publication, distribution, etc. 1999
490 ## - SERIES STATEMENT
Series statement Appraisal Journal
Volume/sequential designation 67(3) July 1999, 280-286(7)
520 ## - SUMMARY, ETC.
Summary, etc. Discusses the authors' computer assisted real estate appraisal system (CAREAS), responding to feedback from an earlier article. The particular system is based on residential & agricultural data from three counties in Oregon, and is only relevant in those areas. Explains how the models were developed.
650 ## - SUBJECT ADDED ENTRY--TOPICAL TERM
Topical term or geographic name entry element APPRAISAL
650 ## - SUBJECT ADDED ENTRY--TOPICAL TERM
Topical term or geographic name entry element RESIDENTIAL VALUATION
650 ## - SUBJECT ADDED ENTRY--TOPICAL TERM
Topical term or geographic name entry element SOFTWARE PACKAGES
690 ## - LOCAL SUBJECT ADDED ENTRY--TOPICAL TERM (OCLC, RLIN)
Topical term or geographic name as entry element RATING AND VALUATION
700 ## - ADDED ENTRY--PERSONAL NAME
Personal name Radigan, R.
942 ## - ADDED ENTRY ELEMENTS (KOHA)
Suppress in OPAC 0
Holdings
Withdrawn status Lost status Source of classification or shelving scheme Damaged status Not for loan Home library Current library Shelving location Date acquired Total Checkouts Full call number Barcode Date last seen Copy number Price effective from Koha item type
    Dewey Decimal Classification     London London Journal article 12/11/1999   ABS61281 101907-1001 06/08/2019 1 06/08/2019 Journal article